000
00259nam a2200109 a 4500
001
4140
005
20140414131922.0
008
090218s19uu xx 00 eng d
050
_a
ER
_b
Sl9 2002
245
_a
The Sly fox and the little red hen.
999
_c
111786
_d
111786